<?xml version="1.0" encoding="UTF-8"?>
<record
    xmlns:xsi="http://www.w3.org/2001/XMLSchema-instance"
    xsi:schemaLocation="http://www.loc.gov/MARC21/slim http://www.loc.gov/standards/marcxml/schema/MARC21slim.xsd"
    xmlns="http://www.loc.gov/MARC21/slim">

  <leader>00607nam a22001937a 4500</leader>
  <datafield tag="999" ind1=" " ind2=" ">
    <subfield code="c">170098</subfield>
    <subfield code="d">170098</subfield>
  </datafield>
  <controlfield tag="005">20191210174238.0</controlfield>
  <datafield tag="010" ind1=" " ind2=" ">
    <subfield code="a">B-472393</subfield>
  </datafield>
  <datafield tag="020" ind1=" " ind2=" ">
    <subfield code="c">85.00</subfield>
    <subfield code="a">-</subfield>
  </datafield>
  <datafield tag="035" ind1=" " ind2=" ">
    <subfield code="a">B-472393</subfield>
  </datafield>
  <datafield tag="037" ind1=" " ind2=" ">
    <subfield code="b">BPPD</subfield>
  </datafield>
  <datafield tag="082" ind1=" " ind2=" ">
    <subfield code="a">270</subfield>
  </datafield>
  <datafield tag="100" ind1=" " ind2=" ">
    <subfield code="a">&#x630; &#x627; &#x6A9;&#x631; &#x646;&#x627; &#x621;&#x6A9;</subfield>
  </datafield>
  <datafield tag="245" ind1=" " ind2=" ">
    <subfield code="a">&#x646;&#x645;&#x627; &#x632; &#x627; &#x648; &#x631; &#x62C;&#x62F; &#x64A;&#x62F; &#x645;&#x64A;&#x688; &#x64A;&#x6A9;&#x644; &#x633;&#x627; &#x621;&#x646;&#x633;</subfield>
    <subfield code="c">&#x630; &#x627; &#x6A9;&#x631; &#x646;&#x627; &#x621;&#x6A9;</subfield>
  </datafield>
  <datafield tag="246" ind1=" " ind2=" ">
    <subfield code="a">Namaz Aur Jadeed Medical Science</subfield>
    <subfield code="b">by Zakir Nayak</subfield>
  </datafield>
  <datafield tag="260" ind1=" " ind2=" ">
    <subfield code="a">Lucknow</subfield>
    <subfield code="c">1992 &#x621; </subfield>
    <subfield code="b">Areeb Publications</subfield>
  </datafield>
  <datafield tag="270" ind1=" " ind2=" ">
    <subfield code="a">1542,Patoudi house, Darya Ganj</subfield>
    <subfield code="b">N.Delhi</subfield>
    <subfield code="k">-</subfield>
    <subfield code="e">2</subfield>
  </datafield>
  <datafield tag="300" ind1=" " ind2=" ">
    <subfield code="a">335&#x635;</subfield>
    <subfield code="c">22 cm(hb)</subfield>
  </datafield>
  <datafield tag="942" ind1=" " ind2=" ">
    <subfield code="2">ddc</subfield>
    <subfield code="c">UR</subfield>
    <subfield code="h">270</subfield>
    <subfield code="m">&#x630; &#x627; &#x6A9; </subfield>
  </datafield>
</record>
